000 00494nam a2200169Ia 4500
008 240729s9999 xx 000 0 und d
022 _a2448-9654
245 0 _aSri Lankan Journal of Infectious Diseases
260 _aSri Lanka
260 _bSri Lankan Society for Microbiology
650 _a Infectious and parasitic diseases
650 _a Internal medicine
650 _aMedicine
856 _uhttps://doaj.org/toc/3085d133db4d442a8929907e3cdb01e1
942 _2ddc
942 _cDOAJEJ
999 _c66321
_d66321
945 _a1
_bMadushi Gamage
_c1
_dMadushi Gamage